| 000 | 00508nam a22002051a 4500 | ||
|---|---|---|---|
| 001 | 3532 | ||
| 003 | OSt | ||
| 005 | 20260204211854.0 | ||
| 008 | 041127s1982||||ck ||||||b||||||||||spa|| | ||
| 020 | _a9684514204 | ||
| 050 | _a519 C682m | ||
| 082 | _a519 C682m | ||
| 100 | _aColin Glass, J. | ||
| 245 | _aMétodos matemáticos para economistas / J. Colin Glass | ||
| 264 | _aColombia : McGraw-Hill | ||
| 300 | _a294 p | ||
| 500 | _aIncluye indice | ||
| 650 | _a1.Matemática AplicadaÌ | ||
| 942 |
_2ddc _cBK |
||
| 999 |
_c3532 _d3532 |
||